IFRS: global rules & local use proceedings of the 5th international scientific conference : Prague, october 20, 2017
Salvato in:
| Enti autori: | , |
|---|---|
| Altri autori: | , , , |
| Natura: | Libro |
| Lingua: | inglese |
| Pubblicazione: |
Prague
Anglo-americká vysoká škola
2017
|
| Edizione: | 1st ed. |
| Soggetti: | |
| Tags: |
Nessun Tag, puoi essere il primo ad aggiungerne!!
|
MARC
| LEADER | 00000nlm a2200000 4500 | ||
|---|---|---|---|
| 001 | 0238724 | ||
| 005 | 20240827081637.3 | ||
| 020 | |a 978-80-906585-4-7 | ||
| 020 | |a 978-80-906585-3-0 | ||
| 041 | 0 | |a eng | |
| 044 | |a CZ | ||
| 245 | 1 | 0 | |a IFRS: global rules & local use |b proceedings of the 5th international scientific conference : Prague, october 20, 2017 |c editors: Irena Jindřichovská, Dana Kubíčková ; reviewers: Jaroslav Wagner, Marie Paseková |
| 250 | |a 1st ed. | ||
| 264 | 1 | |a Prague |b Anglo-americká vysoká škola |c 2017 | |
| 300 | |a online [346 s.] | ||
| 610 | 2 | 0 | |a IFRS |
| 610 | 2 | 0 | |a účtovníctvo |
| 610 | 2 | 0 | |a výkazy finančné |
| 610 | 2 | 0 | |a riziko finančné |
| 610 | 2 | 0 | |a zaistenie |
| 700 | 1 | |a Jindřichovská, Irena | |
| 700 | 1 | |a Kubíčková, Dana | |
| 700 | 1 | |a Wagner, Jaroslav | |
| 700 | 1 | |a Paseková, Marie | |
| 110 | 2 | |a IFRS: global rules & local use. International scientific conference | |
| 710 | 2 | |a Anglo-American University | |